000 00752nam a2200253Ia 4500
003 OSt
005 20221005024937.0
006 a|||||r|||| 00| 0
007 ta
008 221004b |||||||| |||| 00| 0 ara d
020 _c432
024 _a3820
037 _b407, 06/11/2012, Nadwi Publications
_cTextual
040 _aCRL
_cCRL
_bara
041 _2ara
_aara
082 _aO28,3NLAx, P9
100 _aAl - Balushi Lina Banat Abdullah
_9581255
245 0 _aAiena muhib
_b Qasas
260 _aCairo
_bMaktaba Bairut
_c2009
300 _a93p.
_ccm.
650 _aARABIC LITERATURE
942 _hO28,3NLAx, P9
_cTEXL
_2cc
999 _c933749
_d933749